000 00537nam a2200181 i 4500
001 42847
003 ES-MaACL
005 20230906160705.0
007 t|
008 030314s1979 sp ||||1| spa d
100 1 _aCernuda, Luis,
_d1902-1963
_937529
245 1 3 _aLa realidad y el deseo
_b: (1924-1962) /
_cLuis Cernuda.
250 _a5ª reimp. de la 4ª ed.
260 _a[Madrid] :
_bFondo de Cultura Económica,
_c[1979]
300 _a389 p. ;
_c21 cm.
852 _aES-MaACL
_jL-3165
_bR.103569
999 _c42847
_d42847